Ne soyez pas à l'Ouest ! - Etats-Unis - Statistiques

Statistiques générales
  • Ce quiz a été pris 3 426 fois
  • Le résultat moyen est 8 sur 16
Réponses sur la Carte
Les réponses sont colorées sur une échelle allant du rouge au vert en fonction du pourcentage des utilisateurs qui les ont devinées à leur premier essai. Vous pouvez retrouver ces pourcentages ci-dessous.
 
Statistiques - réponses
Réponse % Correct
Los Angeles
85%
Las Vegas
72%
Boston
58%
New York
58%
Phoenix
55%
Seattle
53%
Kansas City
50%
Washington
48%
Denver
44%
Detroit
44%
Dallas
43%
Miami
39%
Indianapolis
38%
La Nouvelle-Orléans
37%
Chicago
33%
Atlanta
24%
Aucun quiz correspondant
Distribution des résultats
% des personnes avec chaque résultat
Percentile par nombre de réponses
Votre historique - résultats
Vous n’avez pas pris ce quiz